La reserva española en derecho internacional privado (Record no. 157221)

MARC details
000 -LEADER
campo de control de longitud fija 00800nam a2200181 i 4500
001 - NÚMERO DE CONTROL
campo de control 157221
003 - IDENTIFICADOR DE NÚMERO DE CONTROL
campo de control ES-MaACL
005 - FECHA Y HORA DE LA ÚLTIMA TRANSACCIÓN
campo de control 20250809025221.0
008 - DATOS DE LONGITUD FIJA--INFORMACIÓN GENERAL
campo de control de longitud fija 991028s1898 cu |||| | spa d
100 1# - ENTRADA PRINCIPAL--NOMBRE DE PERSONA
Nombre de persona Lastres y Juiz, Francisco,
Fechas asociadas al nombre 1848-1918
9 (RLIN) 70504
245 13 - MENCIÓN DEL TÍTULO
Título La reserva española en derecho internacional privado
Resto del título : dictamen emitido /
Mención de responsabilidad, etc. por Francisco Lastres y Juiz.
260 ## - PUBLICACIÓN, DISTRIBUCIÓN, ETC.
Lugar de publicación, distribución, etc. La Habana :
Nombre del editor, distribuidor, etc. [s.n.],
Fecha de publicación, distribución, etc. 1898 (
Fabricante Imp. y Papelería "La Universal" de Ruiz y Hermano)
300 ## - DESCRIPCIÓN FÍSICA
Extensión 12 p. ;
Dimensiones 23 cm.
500 ## - NOTA GENERAL
Nota general Publicado en la "Revista del Foro", año 8, n. 7.
650 #7 - PUNTO DE ACCESO ADICIONAL DE MATERIA--TÉRMINO DE MATERIA
Término de materia o nombre geográfico como elemento de entrada Derecho internacional privado
Fuente del encabezamiento o término embne
9 (RLIN) 11721
852 ## - LOCALIZACIÓN
Ubicación ES-MaACL
Número de control de estantería T-796-F-7
Nota libre - Enc. hol., conservando la enc. original
-- . - Dedicatoria autógrafa del autor
-- - Enc. en un vol. facticio
Holdings
Estatus retirado Estado de pérdida Estado de daño No para préstamo Colección Biblioteca de origen Biblioteca actual Ubicación en estantería Fecha de adquisición Total de préstamos Signatura topográfica completa Código de barras Visto por última vez Precio de reemplazo Tipo de ítem Koha
        Colección de folletos Biblioteca del Ateneo de Madrid Biblioteca del Ateneo de Madrid Depósito folletos 17/01/2008   T-796-F-7 1164523 23/02/2023 23/02/2023 Folleto